• 首页
  • 本馆介绍
  • 公告通知
  • 最新文献
  • 馆藏检索
  • 电子资源
  • 读者导购
  • 参考咨询
  • 我的图书馆
  • 登录
  • 详细信息显示
  • 放入我的书架
  • 预约/预借图书
  • 作者相关作品
  • 分类相关作品
  • 丛书相关作品
  • 出版社相关作品

书目信息

  • 表格格式
  • 工作单格式
  • 卡片格式
题名:
电信竞争
    
 
作者: 拉丰 , 泰勒尔 著 ;胡汉辉 , 刘怀德 , 罗亮 译
分册:  
出版信息: 北京   中国人民大学出版社  2017
页数: 256页
开本: 24cm
丛书名: 诺贝尔经济学奖获得者丛书
单 册:
中图分类: F626
科图分类:
主题词: 电信--dian xin--市场竞争--世界
电子资源:
ISBN: 978-7-300-23644-5
000 01360nam0 22003251 450
001 0119171338
005 20170619171338.0
010    @a978-7-300-23644-5@dCNY48.00
100    @a20170524d2017 em y0chiy50 ea
101 1  @achi@cfre
102    @aCN@b110000
105    @ay z 000yy
106    @ar
200 1  @a电信竞争@9dian xin jing zheng@dCompetition in telecommunications@f让·雅克·拉丰(Jean-Jacques Laffont),让·梯若尔(Jean Tirole)著@g胡汉辉,刘怀德,罗亮译@zeng
210    @a北京@c中国人民大学出版社@d2017
215    @a256页@d24cm
225 2  @a诺贝尔经济学奖获得者丛书@9nuo bei er jing ji xue jiang huo de zhe cong shu
300    @a“十三五”国家重点出版物出版规划项目
330    @a本书是一部专门介绍电信领域中改革和竞争热点问题的力作,内容涉及电信规制、市场开放、定价、网间互联、普遍服务等电信改革方面的关键问题,并对这些问题进行了深入研究。
461  0 @12001 @a诺贝尔经济学奖获得者丛书
510 1  @aCompetition in telecommunications@zeng
606 0  @a电信@9dian xin@x市场竞争@y世界
690    @aF626@v5
701  0 @c(法)@a拉丰@9la feng@c(Laffont, Jean-Jacques Marcel@f1947-2004)@4著
701  0 @c(法)@a泰勒尔@9tai le er@c(Tirole, Jean@f1953-)@4著
702  0 @a胡汉辉@9hu han hui@4译
702  0 @a刘怀德@9liu huai de@4译
702  0 @a罗亮@9luo liang@4译
801  0 @aCN@b百万庄@c20170617
905    @b1013043-8@dF626@e7@f6
    
    电信竞争=Competition in telecommunications/让·雅克·拉丰(Jean-Jacques Laffont),让·梯若尔(Jean Tirole)著/胡汉辉,刘怀德,罗亮译.-北京:中国人民大学出版社,2017
    256页;24cm.-(诺贝尔经济学奖获得者丛书)
    “十三五”国家重点出版物出版规划项目
    
    ISBN 978-7-300-23644-5:CNY48.00
    本书是一部专门介绍电信领域中改革和竞争热点问题的力作,内容涉及电信规制、市场开放、定价、网间互联、普遍服务等电信改革方面的关键问题,并对这些问题进行了深入研究。
●
相关链接 在E读中查询图书 在五车中查询图书 在当当中查询图书 在豆瓣中查询图书


正题名:电信竞争     索取号:F626/7         预约/预借

序号 登录号 条形码 馆藏地/架位号 状态 备注
1 1013043   210130437   第一样本阅览室/ [索取号:F626/7] 在馆    
2 1013044   210130446   教育系资料室/ [索取号:F626/7] 在馆    
3 1013045   210130455   教育系资料室/ [索取号:F626/7] 在馆    
4 1013046   210130464   教育系资料室/ [索取号:F626/7] 在馆    
5 1013047   210130473   第一借阅区/ [索取号:F626/7] 在馆    
6 1013048   210130482   第一借阅区/ [索取号:F626/7] 在馆    
唐山师范学院图书馆 欢迎您!
大连网信软件有限公司© 版权所有